Spanish Monopoly Board (Madrid) - Statistics

General Stats
  • This quiz has been taken 152 times
  • The average score is 14 of 36
Answer Stats
Answer % Correct
Gran Vía
77%
Paseo de la Castellana
76%
Paseo del Prado
72%
Puerta del Sol
68%
Plaza Lavapiés
67%
Calle Serrano
63%
Salida
62%
Calle de Alcalá
58%
Cárcel
51%
Estación de Goya
49%
Plaza de España
47%
Calle Velázquez
46%
Calle Fuencarral
45%
Estación de las Delicias
40%
Estación del Norte
40%
Glorieta de Bilbao
39%
Avenida de América
37%
Glorieta Cuatro Caminos
37%
Calle de Cea Bermúdez
35%
Suerte
33%
Ronda de Valencia
32%
Calle Bailén
31%
Avenida de los Reyes Católicos
30%
Calle Bravo Murillo
28%
Calle Alberto Aguilera
25%
Avenida Felipe II
23%
Calle María de Molina
23%
Estación del Mediodía
23%
Compañía de Electricidad
22%
Impuesto de Lujo
21%
Caja de Comunidad
20%
Compañía Distribución de Aguas
18%
Avenida de Reina Victoria
17%
Parking Gratuito
17%
Ve a la Cárcel
12%
Impuesto sobre el Capital
4%
No matching quizzes found
Score Distribution
Percent of People with Each Score
Percentile by Number Answered
Your Score History
You have not taken this quiz